[Event "ESP chT Honor Division 2019"]
[Site "Melilla"]
[Date "2019.10.05"]
[Round "6.20"]
[White "Anton Guijarro, David"]
[Black "Baklan, Vladimir"]
[Result "1/2-1/2"]
[WhiteElo "2674"]
[BlackElo "2592"]
[Annotator "TA"]
[PlyCount "141"]
[EventDate "2019.09.30"]
[EventType "team-tourn"]
[EventCountry "ESP"]
[SourceTitle "playchess.com"]
[Source "ChessBase"]
[SourceQuality "1"]

{[%evp 10,141,55,52,60,46,63,31,32,20,33,32,38,16,33,35,33,23,39,27,35,34,38,22,77,68,75,73,83,74,66,55,63,30,35,30,25,32,19,25,52,36,31,23,35,31,33,37,37,28,37,35,30,2,16,16,20,25,24,25,39,23,74,76,73,70,82,76,78,77,86,62,60,60,122,126,115,116,140,109,118,116,114,61,208,112,338,344,689,681,668,88,93,0,665,622,654,516,492,483,374,130,130,16,3517,2854,12795,12777,10649,77,29940,29937,12848,29944,29950,29951,29957,29956,29955,9689,9,0,29954,8,5671,0,12517,0,6609,5131,5602,4918,29979,29980]} 1. e4 c5 2. Nf3 Nc6 3. d4 cxd4 4. Nxd4 Nf6 5. Nc3 g6 6. Nxc6 dxc6 {B34: Sicilian: Accelerated Dragon with 5 Nc3: sidelines} 7. Qxd8+ Kxd8 8. a4 (8. Bc4 Ke8 9. Bf4 Nd7 10. e5 Bg7 11. e6 fxe6 12. Bxe6 Rf8 13. Bd2 Nc5 14. Bxc8 Rxc8 15. f3 Rd8 16. O-O-O Bxc3 17. Bxc3 Rxd1+ 18. Rxd1 {½-½ (46) Leko,P (2708)-Ivanchuk,V (2720) Reykjavik 2015}) 8... e5 {White is slightly better.} 9. Bg5 Be7 10. Bc4 $146 ({Predecessor:} 10. O-O-O+ Nd7 11. Be3 Kc7 12. Bc4 f6 13. h4 Rd8 14. h5 {0-1 (46) Toth,G (2071)-Adam,G (2067) Hungary 2009}) 10... Ke8 11. a5 Nd7 12. Be3 Bc5 13. Ke2 (13. Bd2 {keeps more tension.} Nf8 14. Na4 Bd6 15. b4 Be6 16. Nb2) 13... Bxe3 14. Kxe3 Ke7 15. b4 Rb8 16. Rhb1 Rd8 (16... Nf6 $11) 17. b5 $16 cxb5 18. Rxb5 a6 19. Rb4 Nc5 20. Rab1 Be6 21. Bd5 Rbc8 22. Rc4 Nd7 23. Rxc8 Rxc8 24. Kd2 Rc5 25. Rxb7 Rxa5 26. Ra7 Ra1 27. h4 h5 28. Rc7 Kd6 29. Rc6+ Ke7 30. Bxe6 fxe6 $14 {[%mdl 4096] Endgame KRN-KRN} 31. Ne2 a5 32. Nc1 a4 33. Nd3 a3 34. Ra6 Nb8 35. Ra7+ Kd6 (35... Kf6 $11 {keeps the balance.}) 36. Kc3 $16 Nc6 37. Ra6 Kc7 38. Kc4 a2 39. c3 Nb8 40. Ra3 Nd7 41. Nb4 Rg1 (41... Re1 $14 42. Rxa2 Rxe4+ {[%mdl 64] Double Attack} 43. Kb5 Rxh4) 42. Rxa2 Rxg2 43. Kb5 g5 44. hxg5 Rxg5 45. c4 $1 {[%cal Rc4c5] aiming for c5.} Rg1 46. Ra7+ (46. Ra6 $16) 46... Kc8 (46... Kd6 $14) 47. Kc6 ({White must play} 47. Ra6 $1 $18) 47... Nb8+ $2 (47... Rd1 $16 {was worth a try.}) 48. Kd6 $18 Rb1 $2 (48... Rd1+ 49. Kxe6 (49. Kxe5 Rb1 $11) 49... Rd7) 49. Rc7+ $1 Kd8 50. Rh7 $2 (50. Nc6+ $18 Nxc6 51. Rh7 (51. Kxc6 Rc1 $16) (51. Rxc6 Rb2 $16) 51... Rd1+ 52. Kxc6) 50... Kc8 $16 51. Rc7+ $2 {[%mdl 8192]} ({Reject} 51. Kxe5 $6 Rxb4 52. Kxe6 Rxc4 $11) (51. Kc5 $16) 51... Kd8 $18 52. Nc6+ Nxc6 53. Rxc6 {KR-KR} Rb2 54. f3 $1 Rb3 55. Kxe5 $2 (55. Ra6 $1 $18 {[%cal Ra6a8] is the precise move to win. White wants to mate with Ra8+.} Rd3+ 56. Kxe6 (56. Kxe5 Rxf3 57. Rxe6 Rc3 $16)) 55... Rxf3 $16 56. Rxe6 (56. Rd6+ $1 $16 Kc7 57. Rxe6) 56... h4 $2 {[%mdl 8192]} (56... Rc3 $11) 57. Rh6 $18 h3 58. Rh7 Rd3 59. c5 $2 (59. Ke6 $18 {And now c5 would win.} Rd4 60. e5 (60. Rxh3 Rxe4+ 61. Kd6 Rd4+ 62. Kc5 Rf4 $11)) 59... Rc3 $2 {[%mdl 8192]} (59... Kc8 $16 60. Kf6 Re3) 60. Kd4 Ra3 61. e5 Rg3 62. c6 Rg6 63. Kd5 Rg3 64. Rh8+ (64. c7+ $142 Kc8 65. Ke4 Rg4+ 66. Kf5 Rg3 67. Kf4 Rg1 68. Rxh3 Rg8 69. e6 Kxc7 70. Ke5) 64... Kc7 65. Rh7+ $2 {[%mdl 8192]} (65. e6 $11 Re3 66. Rh7+ Kd8 67. Kc5) 65... Kd8 66. Kc4 $2 (66. c7+ $1 {mates} Kc8 67. Ke4 Rg4+ 68. Kf5 Rg3 69. Kf4 Rg1 70. Rxh3 Kxc7 71. Rd3) 66... Rg4+ $2 {[%mdl 8192]} (66... Rg2 $11) 67. Kd5 (67. Kb5 $142 Rg3 68. e6) 67... Rg3 68. Rh8+ Kc7 {[#] intending ...Rd3+.} 69. e6 $1 {[%cal Re6e7]} Rd3+ 70. Kc5 {Threatening mate with e7.} Rc3+ {[#]} 71. Kd4 $1 {[%mdl 32768] Accuracy: White = 47%, Black = 35%. . An unexpected result.} 1/2-1/2

[Event "ESP chT Honor Division 2019"]
[Site "Melilla"]
[Date "2019.10.05"]
[Round "6.21"]
[White "Forcen Esteban, Daniel"]
[Black "Mareco, Sandro"]
[Result "0-1"]
[WhiteElo "2568"]
[BlackElo "2634"]
[Annotator "TA"]
[PlyCount "96"]
[EventDate "2019.09.30"]
[EventType "team-tourn"]
[EventCountry "ESP"]
[SourceTitle "playchess.com"]
[Source "ChessBase"]
[SourceQuality "1"]

{[%evp 9,98,8,8,14,12,5,17,-25,-13,-16,-16,-18,-6,-7,8,0,0,0,0,0,0,-19,0,-36,-25,-33,-23,-35,-27,-35,-30,-30,-19,-132,-41,-42,-36,-30,-14,-240,-238,-453,-18,-583,0,-120,-110,-105,-121,-112,-118,-98,-115,-182,-124,-278,-279,-266,-274,-258,-137,-217,-161,-175,-150,-185,-179,-171,0,-177,0,-165,-158,-492,-169,-566,-245,-853,-853,-809,-807,-799,-779,-772,-758,-800,-746,-1044,-989,-1151,-1106]} 1. c4 e5 2. Nc3 Bb4 3. Qc2 Nf6 4. Nf3 Bxc3 (4... Nc6 5. Nd5 Bc5 6. e3 d6 7. a3 Bb6 8. Nxf6+ Qxf6 9. Bd3 a5 10. Be4 a4 11. O-O Bd7 12. Rd1 h6 {½-½ (31) Giri,A (2780)-Najer,E (2635) Khanty-Mansiysk 2019}) 5. Qxc3 d6 6. d4 {A21: English Opening: 1...e5 2 Nc3} e4 $146 ({Predecessor:} 6... exd4 7. Nxd4 O-O 8. Bg5 Nc6 9. Nxc6 bxc6 10. Bxf6 Qxf6 11. Qxf6 gxf6 12. g3 {1-0 (46) Glavina,P (2397)-Gines Abad,P (2018) Zaragoza 2017}) 7. Nd2 O-O 8. g3 {The position is equal.} Re8 9. Bg2 d5 10. b3 Bf5 11. Nf1 c6 12. Ne3 Be6 13. O-O Qd7 14. Rd1 Na6 15. a4 Bh3 16. Bh1 Nc7 17. Qa5 Ne6 18. cxd5 cxd5 19. Bb2 b6 20. Qd2 Nh5 21. f4 (21. f3 $11) 21... f5 (21... Nexf4 $17 22. gxf4 Nxf4) 22. Bg2 $15 Bxg2 23. Nxg2 {[#]} g5 $1 {[%mdl 512] ...gxf4 is the strong threat.} 24. fxg5 $2 (24. e3 $11 {and White stays safe.}) 24... f4 $1 $19 25. g4 $2 (25. Rf1 fxg3 26. Qe3) 25... Nhg7 $2 (25... Nxg5 $19 26. gxh5 Nh3+ 27. Kh1 (27. Kf1 $2 Qg4 $19) 27... Nf2+ 28. Kg1 e3) 26. Nxf4 $2 {[%mdl 8192]} (26. Rf1 $1 $11) 26... Nxg5 $2 ({Black should try} 26... e3 $1 $19 27. Qxe3 Nxf4) 27. Kh1 (27. Qe3 $11) 27... e3 $1 $17 {[%cal Re3d2][%mdl 1024] Black has strong compensation.} 28. Qd3 {[#]} Re4 $1 {[%cal Re4f4]} 29. Rf1 Rf8 30. Ng2 {[#]} Nh3 $1 31. Rxf8+ Kxf8 32. Qb5 $2 (32. Qc3 $17 {might work better.}) 32... Qe6 $19 33. Ba3+ Kg8 34. Qb4 {[%csl Ga3][%cal Rb4f8]} Nf2+ 35. Kg1 {[%csl Ga3][%cal Rb4f8]} h6 36. Qf8+ Kh7 37. Rc1 Nh3+ 38. Kh1 Nf2+ ({Much less strong is} 38... Rxg4 39. Bd6 $17) 39. Kg1 Nh3+ 40. Kh1 $1 Rxg4 41. Qf3 $2 (41. Bd6 $17) 41... Rg6 $2 (41... Nf2+ 42. Kg1 Rg6) 42. Bb2 $2 (42. Nf4 {nothing else works.} Nxf4 43. Qxf4) 42... h5 (42... Nf2+ $142 43. Kg1 Nf5 44. Rc7+ {[%mdl 64] Double Attack} Kh8) 43. Ba3 $2 (43. Nf4 Nf2+ 44. Qxf2 exf2 45. Nxe6 Rxe6 46. Ba3) 43... Nf2+ {Black is clearly winning.} 44. Kg1 h4 {Hoping for ...h3.} 45. Kf1 Rf6 46. Nf4 Qf7 47. Bd6 Rxd6 48. Qxe3 {[#]} Ng4 {Played: Nf2-h3} 0-1

[Event "ESP chT Honor Division 2019"]
[Site "Melilla"]
[Date "2019.10.05"]
[Round "6.22"]
[White "Lopez Martinez, Josep Manuel"]
[Black "Gines Esteo, Pedro Antonio"]
[Result "1/2-1/2"]
[WhiteElo "2573"]
[BlackElo "2451"]
[Annotator "TA"]
[PlyCount "113"]
[EventDate "2019.09.30"]
[EventType "team-tourn"]
[EventCountry "ESP"]
[SourceTitle "playchess.com"]
[Source "ChessBase"]
[SourceQuality "1"]

{[%evp 12,113,6,15,20,24,23,13,16,0,5,0,0,0,0,0,0,-12,15,0,0,0,35,-14,0,-4,37,25,21,18,60,0,4,18,19,20,112,114,125,25,18,18,40,18,14,24,14,0,0,0,0,0,0,-33,-15,-28,0,0,37,0,0,0,200,-73,-71,-88,-96,-108,-69,-85,-15,-64,-64,-64,-64,-72,-72,-72,-72,-72,-72,-72,-72,-161,-81,-118,-90,-260,-257,-258,-258,-232,0,0,0,0,0,0,0,0,-7,-7,0,0]} 1. d4 d5 2. c4 c6 3. Nf3 Nf6 4. Nc3 dxc4 5. a4 e6 6. e3 c5 7. Bxc4 Nc6 {D16: Slav Defence: 5 a4: Lines with 5...Bg4 and 5...Na6} 8. O-O Be7 (8... cxd4 9. exd4 Be7 10. Bf4 O-O 11. h3 Nb4 12. Re1 Bd7 13. d5 exd5 14. Bxd5 Nbxd5 15. Nxd5 Nxd5 16. Qxd5 b6 17. Bc7 Qxc7 18. Rxe7 {½-½ (57) Giri,A (2780)-Duda,J (2730) chess.com INT 2019}) 9. Qe2 cxd4 10. exd4 O-O 11. Rd1 Nb4 12. Ne5 Bd7 13. Bg5 Bc6 14. a5 Bd5 15. b3 Rc8 16. h3 $146 ({Predecessor:} 16. Ra4 a6 17. Bxf6 gxf6 {0-1 (48) Szotkowski,J (2378)-Miesbauer,J (2411) Ceske Budejovice 2019}) 16... Re8 17. Qd2 (17. Ra4 $5 {[%cal Rg5f6]}) 17... Rf8 18. Ra4 a6 19. Bxf6 gxf6 20. Bxd5 fxe5 21. Bc4 (21. Bxb7 $14 Rc7 22. Be4) 21... Qxd4 22. Qe1 Qh4 $1 23. Rd7 Bc5 (23... Rfd8 $1 $11 {remains equal.} 24. Rxb7 Rxc4 25. bxc4 Nd3) 24. Rxb7 $16 Rb8 25. Rxb8 ({White should play} 25. Ne4 $16 Nc2 26. Qe2) 25... Rxb8 $11 26. Ne4 Bd4 27. g3 (27. Nd2 $5 {[%cal Rd2f3]}) 27... Qe7 28. Qd2 {And now Qh6 would win.} Kg7 29. h4 h6 30. Qe2 f5 31. Nd2 e4 32. Nf1 (32. Nxe4 $5 fxe4 33. Qg4+ Kf7 34. Qh5+ Kf8 35. Qxh6+ {[%mdl 64] Double Attack} Ke8 36. Bxe6 $15) 32... Qd6 $36 {[%mdl 2048] Black is pushing.} 33. Ne3 Qe5 34. Kg2 Kh7 35. Qh5 (35. Qd2 $5 {[%cal Ra4b4]} Nd3 36. Bxd3 exd3 37. Qxd3 {[%mdl 64] Double Attack} Bxe3 38. Qxe3 Qxe3 39. fxe3 $11) 35... Bxe3 36. Qf7+ Kh8 $2 (36... Qg7 $11 37. Qxg7+ Kxg7 38. fxe3 Kf6) 37. Bxe6 $2 ({White must play} 37. Rxb4 $1 $18 Rxb4 38. Qf8+ Kh7 39. Qe7+ Kh8 40. Qxb4) 37... Bc5 38. Qg6 {[%cal Rg6h6] [#]} Qg7 39. Qxf5 Bd6 40. Qxe4 Qb7 (40... Re8 $17 41. Qc4 Qe5) 41. Bf5 Qxe4+ 42. Bxe4 Be5 43. f4 Bc3 44. g4 Kg7 45. g5 Rd8 46. f5 Rd1 47. Kf3 (47. Bb7 $17 {keeps fighting.}) 47... Rf1+ ({Better is} 47... hxg5 $19 48. hxg5 Rg1) 48. Kg4 Bd2 {Strongly threatening ...Rf4+.} 49. f6+ $2 (49. Kg3 $17) 49... Kf7 $19 {Hoping for ...Rf4+.} 50. Kh5 {intending Bg6+.} hxg5 51. hxg5 Rg1 $2 (51... Re1 $19 52. Bg6+ Kf8) 52. Rxb4 $1 $11 {The position is equal.} Bxb4 53. Bd5+ Kf8 {Threatens to win with ...Bd2.} (53... Ke8 $5 54. g6 $8 Bf8 $11) 54. g6 Bxa5 ({Much weaker is} 54... Ke8 $6 55. g7 $16) 55. Kh6 {White threatens g7+ and mate.} Bc3 56. g7+ {[#]} Rxg7 $1 {[%mdl 512]} 57. fxg7+ {Accuracy: White = 50%, Black = 56%.} 1/2-1/2

[Event "ESP chT Honor Division 2019"]
[Site "Melilla"]
[Date "2019.10.05"]
[Round "6.23"]
[White "Osmak, Iulija"]
[Black "Ibarra Jerez, Jose Carlos"]
[Result "1/2-1/2"]
[WhiteElo "2409"]
[BlackElo "2538"]
[Annotator "ChessBase"]
[PlyCount "60"]
[EventDate "2019.09.30"]
[EventType "team-tourn"]
[EventCountry "ESP"]
[SourceTitle "playchess.com"]
[Source "ChessBase"]
[SourceQuality "1"]
[TimeControl "40/5400+30:1800+30"]

1. d4 {[%emt 0:00:00]} d5 {[%emt 0:00:20]} 2. c4 {[%emt 0:00:00]} e6 {[%emt 0:00:34]} 3. Nc3 {[%emt 0:00:00]} Nf6 {[%emt 0:01:11]} 4. Bg5 {[%emt 0:00:04]} Nbd7 {[%emt 0:03:01]} 5. cxd5 {[%emt 0:03:45]} exd5 {[%emt 0:00:19]} 6. e3 {[%emt 0:00:12]} c6 {[%emt 0:00:15]} 7. Bd3 {[%emt 0:01:37]} Be7 {[%emt 0:00:43]} 8. Nge2 {[%emt 0:02:36]} Nh5 {[%emt 0:01:53]} 9. Bxe7 {[%emt 0:00:34]} Qxe7 {[%emt 0:00:12]} 10. O-O {[%emt 0:03:16]} O-O {[%emt 0:02:02]} 11. Qb1 {[%emt 0:04:19]} g6 {[%emt 0:01:44]} 12. b4 {[%emt 0:00:35]} Nb6 {[%emt 0:16:34]} 13. b5 {[%emt 0:05:50]} Ng7 {[%emt 0:04:21]} 14. bxc6 {[%emt 0:09:32]} bxc6 {[%emt 0:00:55]} 15. Qc2 {[%emt 0:03:35]} Bf5 {[%emt 0:02:45]} 16. Nf4 Rfe8 {[%emt 0:06:54]} 17. Rab1 {[%emt 0:09:34]} Rac8 {[%emt 0:04:14]} 18. Na4 {[%emt 0:02:34]} Nc4 {[%emt 0:03:52]} 19. Rb3 {[%emt 0:00:51]} Bxd3 {[%emt 0:02:50]} 20. Nxd3 {[%emt 0:09:07]} Nf5 {[%emt 0:01:52]} 21. Nac5 {[%emt 0:02:11]} Qg5 {[%emt 0:06:18]} 22. Ne5 {[%emt 0:08:48]} Nxe5 {[%emt 0:08:15]} 23. dxe5 {[%emt 0:02:27]} Qe7 {[%emt 0:02:54]} 24. f4 {[%emt 0:01:00]} d4 {[%emt 0:01:58]} 25. Ne4 {[%emt 0:07:15]} Nxe3 {[%emt 0:00:36]} 26. Rxe3 {[%emt 0:00:10]} dxe3 {[%emt 0:00:07]} 27. Nf6+ {[%emt 0:00:17]} Kg7 {[%emt 0:01:53]} 28. Nxe8+ {[%emt 0:00:06]} Qxe8 {[%emt 0:05:07]} 29. Re1 {[%emt 0:04:31]} c5 {[%emt 0:02:21]} 30. Rxe3 {[%emt 0:00:11]} Qe6 {[%emt 0:00:23]} 1/2-1/2

[Event "ESP chT Honor Division 2019"]
[Site "Melilla"]
[Date "2019.10.05"]
[Round "6.24"]
[White "Vega Gutierrez, Sabrina"]
[Black "Ramiro Ovejero, Juan Luis"]
[Result "1/2-1/2"]
[WhiteElo "2395"]
[BlackElo "2350"]
[Annotator "TA"]
[PlyCount "151"]
[EventDate "2019.09.30"]
[EventType "team-tourn"]
[EventCountry "ESP"]
[SourceTitle "playchess.com"]
[Source "ChessBase"]
[SourceQuality "1"]

{[%evp 14,151,29,10,20,20,26,32,37,19,7,0,0,0,0,0,0,0,0,0,21,-29,0,0,0,-6,0,-75,-78,-72,-58,-67,-91,-80,-62,-52,-52,-67,-53,-63,-74,-74,-47,-54,-58,-63,-64,-74,-65,-65,-56,-118,-103,-205,-158,-212,-146,-327,-402,-718,-707,-662,-631,-509,-489,-4570,-4562,-2107,0,0,0,0,0,0,0,0,0,0,0,0,0,0,0,0,0,0,0,0,0,0,0,0,0,0,14,14,14,14,14,14,14,14,14,14,14,14,14,14,14,14,14,14,14,14,14,14,14,14,14,14,14,14,14,14,14,14,15,15,15,15,15,0,0,0,0,0,0,0,8,0]} 1. e4 e6 2. d4 d5 3. Nc3 Nf6 4. Bg5 dxe4 5. Nxe4 Nbd7 {[%cal Bb8d7,Bd7f6,Bf6d5,Bd5b4][%mdl 32]} 6. Nf3 h6 7. Nxf6+ Nxf6 8. Be3 Bd6 {C10: French with 3 Nc3: Unusual Black 3rd moves and 3...dxe4} 9. Bd3 O-O (9... b6 10. Qe2 Bb7 11. O-O-O Nd5 12. c4 Nxe3 13. fxe3 Qe7 14. e4 e5 15. c5 bxc5 16. dxe5 Bxe5 {1-0 (66) Aronian,L (2764)-Kramnik,V (2792) Paris 2018}) 10. Qe2 b6 {White is slightly better.} 11. O-O-O Bb7 12. Ne5 Nd5 13. Bd2 Qh4 {[#]} 14. g4 $146 ({Predecessor:} 14. Nf3 Qf6 15. Qe4 Qf5 16. Qh4 {½-½ (28) Vocaturo,D (2630)-Nisipeanu,L (2674) Germany 2019}) 14... Nb4 $36 {[%mdl 2048] Black is pushing.} 15. Be4 Bxe4 16. Qxe4 Nd5 ({Don't go for} 16... Qxf2 $2 17. Bxb4 f5 18. gxf5 $18) 17. Qg2 Bxe5 18. dxe5 f5 19. gxf5 Rxf5 {[%mdl 64] Double Attack} 20. Qg6 (20. Rhg1 $11 Rf7 21. Kb1) 20... Nf4 $17 ({Stronger than} 20... Rxe5 21. Rhg1 $1 $16 {[%mdl 512]}) 21. Bxf4 Qxf4+ {[%mdl 64] Double Attack} 22. Kb1 Qxe5 23. Rhe1 Qf6 24. Rxe6 Qxg6 25. Rxg6 Rxf2 $15 {[%mdl 4096] Endgame KRR-KRR} 26. Rdg1 Rf7 27. Rxh6 Raf8 28. Re6 Rf1+ 29. Re1 Rxg1 $1 30. Rxg1 {KR-KR} Rf2 31. Rh1 Kh7 32. b3 ({Better is} 32. Kc1 $15) 32... Kh6 33. a4 {[#]} (33. h3 $17 {was called for.}) 33... g5 $1 $19 34. h3 Rf3 35. Kb2 $2 {[#]} (35. a5 $17 {was worth a try.}) 35... a5 $1 36. c4 (36. c3 $142 Kh5 37. Kc2) 36... c5 37. Re1 Rxh3 38. Re6+ Kg7 39. Rxb6 (39. Kc2 $142 g4 40. Re4) 39... g4 40. Rc6 Rh5 $2 (40... g3 $19 {( -> ...g2)} 41. Rxc5 Kg6) 41. Rc7+ $11 {The position is equal.} Kf6 {Threatens to win with ...g3.} 42. Rc6+ Kf7 43. Rc7+ $1 Ke6 {aiming for ...Rg5.} (43... Kg6 $5 44. Rc6+ $8 Kh7 45. Rc7+ Kh6 46. Rc6+ Kg7 47. Rc7+ Kg6 48. Rc6+ Kf7 49. Rc7+ Kg6 $15) 44. Rc6+ Kd7 45. Rg6 Rh2+ 46. Kc3 Rh3+ 47. Kc2 Rg3 48. Ra6 Rg2+ 49. Kc3 Rg3+ 50. Kb2 Rg2+ 51. Ka3 Rg1 {Hoping for ...g3.} 52. Rxa5 g3 53. Ra7+ Kc6 54. Ra6+ Kb7 55. Rg6 Ka7 56. Kb2 Rg2+ 57. Kc3 Rg1 58. a5 Kb7 59. Kb2 Ka7 60. Rg5 g2 $1 61. Rg6 Kb7 62. Ka2 Ka7 63. a6 Rh1 64. Rxg2 {Strongly threatening Rg5.} Kxa6 65. Rg5 Kb6 66. Ka3 Ra1+ 67. Kb2 Rh1 68. Rg3 Ka5 69. Rg6 Rh2+ 70. Ka3 Rh1 71. Rc6 Rh5 $1 72. Kb2 Rh2+ 73. Kc3 Rh3+ 74. Kc2 Rxb3 75. Rxc5+ Kb6 76. Rb5+ {Accuracy: White = 62%, Black = 81%.} 1/2-1/2

[Event "ESP chT Honor Division 2019"]
[Site "Melilla"]
[Date "2019.10.06"]
[Round "7.1"]
[White "Ponomariov, Ruslan"]
[Black "Abasov, Nijat"]
[Result "1/2-1/2"]
[WhiteElo "2675"]
[BlackElo "2632"]
[Annotator "TA"]
[PlyCount "53"]
[EventDate "2019.09.30"]
[EventType "team-tourn"]
[EventCountry "ESP"]
[SourceTitle "playchess.com"]
[Source "ChessBase"]
[SourceQuality "1"]

{[%evp 14,53,18,26,37,36,26,16,18,18,24,21,16,19,0,6,32,32,33,29,33,32,47,44,43,43,70,68,86,43,47,47,47,44,45,53,41,0,59,0,48,0]} 1. d4 Nf6 2. c4 e6 3. Nf3 b6 4. g3 Bb7 5. Bg2 Be7 6. Nc3 O-O 7. Bf4 Na6 8. O-O Ne4 {E18: Queen's Indian: Old Main Line (4 g3 Bb7 5 Bg2 Be7 6 0-0 0-0 7 Nc3)} 9. Nxe4 (9. Rc1 d6 10. Qa4 Qe8 11. Qxe8 Rfxe8 12. Rfd1 Nxc3 13. Rxc3 Bf6 14. Be3 h6 15. Nd2 Bxg2 16. Kxg2 {½-½ (95) Cheparinov,I (2629)-Rapport,R (2739) Hengshui 2019}) 9... Bxe4 10. Ne5 Bxg2 {The position is equal.} 11. Kxg2 d6 12. Nc6 Qd7 13. Nxe7+ Qxe7 14. Qa4 e5 15. dxe5 Nc5 {[#]} 16. Qa3 $146 ({Predecessor:} 16. Qc6 dxe5 {½-½ (32) Razuvaev,Y (2515)-Romanishin,O (2580) Tashkent 1980}) 16... dxe5 17. Be3 Rfd8 18. Rfd1 c6 19. Rac1 Kf8 20. Bxc5 bxc5 21. Qa5 Rd4 22. e3 Rdd8 23. Qa4 Qc7 24. Qa3 Qe7 25. Qa4 Qc7 $1 26. Qa3 Qe7 27. Qa4 {Accuracy: White = 67%, Black = 64%.} 1/2-1/2

[Event "ESP chT Honor Division 2019"]
[Site "Melilla"]
[Date "2019.10.06"]
[Round "7.2"]
[White "Idani, Pouya"]
[Black "Anton Guijarro, David"]
[Result "1/2-1/2"]
[WhiteElo "2568"]
[BlackElo "2674"]
[Annotator "ChessBase"]
[PlyCount "47"]
[EventDate "2019.09.30"]
[EventType "team-tourn"]
[EventCountry "ESP"]
[SourceTitle "playchess.com"]
[Source "ChessBase"]
[SourceQuality "1"]
[TimeControl "40/5400+30:1800+30"]

1. e4 {[%emt 0:00:00]} e5 {[%emt 0:00:00]} 2. Nf3 {[%emt 0:00:00]} Nc6 {[%emt 0:00:00]} 3. d4 {[%emt 0:00:00]} exd4 {[%emt 0:00:00]} 4. Nxd4 {[%emt 0:00:00]} Nf6 {[%emt 0:00:00]} 5. Nxc6 {[%emt 0:00:00]} bxc6 {[%emt 0:00:05]} 6. e5 {[%emt 0:00:00]} Qe7 {[%emt 0:00:21]} 7. Qe2 {[%emt 0:00:00]} Nd5 {[%emt 0:00:09]} 8. c4 {[%emt 0:00:00]} Ba6 {[%emt 0:00:22]} 9. b3 {[%emt 0:00:01]} g6 {[%emt 0:00:35]} 10. Ba3 {[%emt 0:00:05]} Nb4 {[%emt 0:00:44]} 11. Bb2 {[%emt 0:00:06]} Bg7 {[%emt 0:00:10]} 12. a3 {[%emt 0:00:05]} Nd5 {[%emt 0:00:05]} 13. Nd2 {[%emt 0:00:03]} O-O {[%emt 0:00:47]} 14. O-O-O {[%emt 0:00:04]} Rfe8 {[%emt 0:00:51]} 15. Qf3 {[%emt 0:00:08]} Nb6 {[%emt 0:00:59]} 16. Ne4 {[%emt 0:00:04]} Bxe5 {[%emt 0:00:56]} 17. Bxe5 {[%emt 0:00:06]} Qxe5 {[%emt 0:00:05]} 18. Nf6+ {[%emt 0:00:04]} Kf8 {[%emt 0:01:05]} 19. Nxe8 {[%emt 0:00:06]} Qa1+ {[%emt 0:01:01]} 20. Kc2 {[%emt 0:00:04]} Qa2+ {[%emt 0:00:03]} 21. Kc1 {[%emt 0:00:05]} Qa1+ {[%emt 0:00:33]} 22. Kc2 {[%emt 0:00:04]} Qa2+ {[%emt 0:00:02]} 23. Kc1 {[%emt 0:00:04]} Qa1+ {[%emt 0:00:04]} 24. Kc2 1/2-1/2

[Event "ESP chT Honor Division 2019"]
[Site "Melilla"]
[Date "2019.10.06"]
[Round "7.3"]
[White "Mareco, Sandro"]
[Black "Pap, Misa"]
[Result "1/2-1/2"]
[WhiteElo "2634"]
[BlackElo "2432"]
[Annotator "TA"]
[PlyCount "149"]
[EventDate "2019.09.30"]
[EventType "team-tourn"]
[EventCountry "ESP"]
[SourceTitle "playchess.com"]
[Source "ChessBase"]
[SourceQuality "1"]

{[%evp 22,149,66,44,37,10,8,18,13,-73,0,0,0,-27,-34,-54,-21,-12,-13,-31,-17,-7,-13,-15,-39,-48,-54,-102,-17,-26,-25,-44,-39,-38,-46,-54,-15,-74,-74,-73,-82,-67,-43,-61,-42,-42,-35,-47,-59,-62,-42,-42,-42,-42,0,-42,-42,-42,-42,-42,0,-42,-42,-42,-42,-42,-42,-42,-42,-64,-64,-64,0,0,0,0,0,0,0,-74,-66,-56,-45,-106,-102,-96,-87,-95,-79,-89,-94,-103,-97,-87,-59,-62,0,0,0,0,0,0,0,-12,0,0,0,0,0,0,0,0,0,0,0,0,0,0,0,0,0,0,0,0,0,0,0,0,0,0]} 1. d4 Nf6 2. c4 c5 3. d5 b5 4. cxb5 a6 5. bxa6 Bxa6 6. Nc3 g6 7. e4 Bxf1 8. Kxf1 d6 9. g3 Bg7 10. Kg2 O-O 11. Nf3 Nbd7 12. Qe2 Qa5 {A59: Benko/Volga Gambit: White castles by hand} 13. Rd1 (13. Bd2 Rfb8 14. Rab1 Ng4 15. Ng5 Ngf6 16. f4 Ne8 17. h4 Qa6 18. Qf3 h6 19. Nh3 Nef6 20. Rhe1 {1-0 (51) Eljanov,P (2723)-Iturrizaga Bonelli,E (2653) Dubai 2014}) 13... Qa6 14. Qc2 Ng4 15. b3 $146 (15. a4 $11) ({Predecessor:} 15. h3 Nge5 16. Nxe5 Nxe5 17. b3 Rab8 18. Rb1 Rfc8 19. Be3 Qa5 20. Ne2 {1-0 (33) Kristiansen,E (2220)-Finnlaugsson,G (2072) Reykjavik 2011}) 15... Bxc3 (15... f5 $17 16. Bb2 Bd4) 16. Qxc3 $11 Qe2 $1 {[%cal Re2f2]} 17. Rd2 (17. Qd2 $5 {[%cal Rd2e2]} Ne3+ 18. Qxe3 Qxd1 19. Qc3 $11) 17... Qxe4 {[#] Hoping for ...Nde5.} 18. Bb2 {[%csl Gb2][%cal Rc3h8]} Nde5 19. Re1 Qxf3+ 20. Qxf3 Nxf3 21. Kxf3 Nxh2+ 22. Kg2 Ng4 23. Rxe7 Rxa2 24. Ree2 f6 ({Black should play} 24... Rb8 $17 {next ...h5 is good for Black.} 25. f3 Ne5 26. Bxe5 Rxd2 27. Rxd2 dxe5) 25. Re6 Rb8 26. Rxd6 Rxb3 27. Bc3 Rxd2 28. Bxd2 $15 {[%mdl 4096] Endgame KRB-KRN} Rd3 29. Bc1 (29. Bf4 $11) 29... Rc3 $17 30. Bd2 Rc2 31. Be1 h5 32. Kf1 Kf7 33. Rd7+ Ke8 34. Rc7 Ne5 35. d6 Nd7 36. f4 Ra2 37. Bf2 Rc2 38. Be3 f5 39. Ke1 Kd8 40. Ra7 {Black must now prevent Ra8+.} Ke8 (40... Rb2 {is more complex.} 41. Kf1 Ke8 42. Rc7 Rb6 43. Bxc5 Nxc5 44. Rxc5 Rxd6 45. Rc7 Rd7) 41. Rc7 Rc3 42. Ke2 Ra3 43. Bf2 Ra2+ 44. Kf1 Rc2 45. Be3 Kd8 46. Bf2 Nf6 (46... Rd2 $15 47. Bxc5 Nxc5 48. Rxc5 Rxd6) 47. g4 $1 $11 {aiming for Bh4!} Nd7 ({Not} 47... fxg4 $2 {[#]} 48. Bh4 $1 $18 {[%mdl 512]}) 48. gxf5 gxf5 49. Bh4+ Ke8 50. Rc8+ (50. Bf2 $11) 50... Kf7 $15 51. Rh8 Rc4 52. Bg5 (52. Kg2 $15) 52... Rd4 53. Rxh5 Rxd6 54. Ke2 Ke6 55. Rh7 Kd5 56. Kd3 c4+ 57. Kc2 Kd4 {Threatens to win with ...Nb6.} 58. Rf7 Rd5 ({Better is} 58... Ke4 $15 59. Re7+ Kd4) 59. Re7 $11 {The position is equal.} Kc5 60. Re6 Kb5 61. Re8 Rd3 62. Rd8 Nc5 {Strongly threatening ...Rxd8.} 63. Rf8 Ne4 64. Rxf5+ Ka4 65. Re5 Rd2+ 66. Kc1 Re2 67. Bf6 Kb3 {[%cal Re2e1]} 68. Rb5+ Ka4 69. Re5 c3 (69... Re3 {keeps more tension.} 70. Re7 Kb5 71. f5 Re1+ 72. Kc2 Re2+) 70. Rxe4+ Rxe4 71. Bxc3 Rxf4 72. Kd1 Kb3 73. Be1 Re4 74. Kd2 Kc4 75. Bf2 {Accuracy: White = 61%, Black = 58%.} 1/2-1/2